00000000nam 2200000zi 4500
0019.939564
003CaOODSP
00520250818130821
006m     o  d f      
007cr cn|||||||||
008240620t20242024oncao   o    f000 0 eng d
020 |a9780660724386
040 |aCaOODSP|beng|erda|cCaOODSP
043 |an-cn-ab
0861 |aA59-95/2024E-PDF
24500|aLethbridge Research and Development Centre.
264 1|a[Ottawa] : |bAgriculture and Agri-Food Canada = Agriculture et agroalimentaire Canada, |c[2024]
264 4|c©2024
300 |a1 online resource (1 unnumbered page) : |billustrations, photographs
336 |atext|btxt|2rdacontent
337 |acomputer|bc|2rdamedia
338 |aonline resource|bcr|2rdacarrier
500 |aCover title.
500 |aIssued also in French under title: Centre de recherche et de développement de Lethbridge.
520 |a"The Lethbridge Research and Development Centre was established in 1906 in Lethbridge, Alberta. As one of Agriculture and Agri-Food Canada's most historic and largest research facilities, it has a wide range of expertise and diverse areas of research. The Centre has one satellite location - the Vauxhall Research Farm"--Page [1].
530 |aIssued also in printed form.
61010|aCanada. |bAgriculture and Agri-Food Canada.
650 0|aAgriculture|xResearch|zAlberta.
650 0|aResearch institutes|zAlberta|zLethbridge.
7101 |aCanada. |bAgriculture and Agri-Food Canada, |eissuing body.
77508|tCentre de recherche et de développement de Lethbridge.|w(CaOODSP)9.939567
7760#|tLethbridge Research and Development Centre.|w(CaOODSP)9.939566
85640|qPDF|s609 KB|uhttps://publications.gc.ca/collections/collection_2025/aac-aafc/A59-95-2024-eng.pdf
986 |a13228E